| 000 | 00711 a2200241 4500 | ||
|---|---|---|---|
| 003 | Nust | ||
| 005 | 20170207152508.0 | ||
| 010 | _a 2007390742 | ||
| 020 | _a 8120323580 | ||
| 035 | _a(CStRLIN)CSUGA5750033-B | ||
| 040 | _cNust | ||
| 082 | 0 | 0 | _a621.3815 |
| 100 | 1 | _aBell, David A., | |
| 245 | 1 | 0 |
_aElectronic devices and circuits / _cDavid A. Bell. |
| 250 | _a4th ed. | ||
| 260 |
_aSarnia, ON : _bD.A. Bell, _cc1999. |
||
| 300 |
_axii, 796 p. : _bill. ; _c29 cm. |
||
| 500 | _aIncludes index. | ||
| 650 | 0 | _aElectronic apparatus and appliances. | |
| 650 | 0 | _aElectronic circuits. | |
| 650 | 0 | _aSemiconductors. | |
| 856 | 4 | 1 |
_3Table of contents only _uhttp://www.loc.gov/catdir/enhancements/fy0907/2007390742-t.html |
| 942 | _cREF | ||
| 999 |
_c175676 _d175676 |
||